01194nab a22001817a 4500003000400000005001700004008004100021040000700062100003900069245007400108260007200182300001300254505049400267505008900761650001800850650002400868773012000892OSt20260121200237.0190502c xxu||||| |||| 00| 0 spa d cPJ aYáñez Mosteirin, Agustina Paz 13aEl delito de secuestro extorsivo /cAgustina Paz Yáñez Mosteirin. aCiudad Autónoma de Buenos Aires :bThomson Reuters La Ley,c2024. ap. 11-22 aSumario: I. Bien jurídico protegido.— II. Relación de especialidad con respecto al delito de secuestro coactivo.— III. El delito de secuestro extorsivo como una variante dentro del delito de extorsión y su diferencia con el delito de robo.— IV. Tipo objetivo.— V. Tipo subjetivo: especial elemento subjetivo.— VI. Consumación del delito.— VII. Coautoría.— VIII. Agravantes.— IX. Imposibilidad de concesión de libertad condicional.— X. Cuestiones procesales.  t¿Te interesa el texto completo? Solicitalo al correo: koha@justierradelfuego.gov.ar 0aDERECHO PENAL 0aSECUESTRO EXTORSIVO0 02729dBuenos Aires : LexisNexis, 2006-tRevista de derecho penal y procesal penal. Nº 8 - Agosto 2024z9875920622